Statistics for TOP 10 Countries in: Lemon Production

Click here to take the quiz!

General Stats

  • This quiz has been taken 95 times
  • The average score is 8 of 10

Answer Stats

Production in TonnesRankCountry% Correct
850,2006USA
97%
1,100,0004China
95%
2,650,0001India
92%
1,900,0002Mexico
90%
1,050,0005Brazil
89%
585,5009Spain
87%
530,00010Italy
85%
793,6007Turkey
75%
1,115,0003Argentina
67%
712,6008Iran
61%

Score Distribution

Percentile by Number Answered

Percent of People with Each Score

Your Score History

You have not taken this quiz